01242cam a2200301 4500001000800000005001700008008004100025010001700066020001500083040001800098050001400116082002200130100003100152245021700183260004000400300003200440490006400472500001500536500003500551504004100586650003800627651002900665700005200694710005000746942001200796999001700808952011500825171749019800926000000.0700619s1970 nyub | b 00| 0 engs  a 72119339  a0842400036 aDLCcDLCdDLC00aD849b.S700a327.7304219bSTA1 aStanley, Timothy W.91087310aDetente diplomacy: United States and European security in the 1970's /c[by] Timothy W. Stanley [and] Darnell M. Whitt. Foreword by Livingston T. Merchant. Published for the Atlantic Council of the United States. aNew York:bDunellen Co.,cc.[1970]. axiv, 170 p.:bmap.;c23 cm.0 aUniversity Press of Cambridge series in the social sciences aDonations. aDonated By: Alaa Abdel Ghaney. aIncludes bibliographical references. 0aWorld politicsy1965-1975.910874 0aEuropexDefenses.9108751 aWhitt, Darnell M.,d1937-ejoint author.9108762 aAtlantic Council of the United States.910877 2ddccBB c13257d13257 00102ddc40708 aMAINbMAINc1STd2010-02-02epurchasel0o327.7304 STAp000019558r2025-07-15 00:00:00yBB